<?xml version="1.0" encoding="UTF-8"?>
<record
    xmlns:xsi="http://www.w3.org/2001/XMLSchema-instance"
    xsi:schemaLocation="http://www.loc.gov/MARC21/slim http://www.loc.gov/standards/marcxml/schema/MARC21slim.xsd"
    xmlns="http://www.loc.gov/MARC21/slim">

  <leader>01428nam a2200229Ia 4500</leader>
  <controlfield tag="008">120625s2000    mx            001 0 spa d</controlfield>
  <datafield tag="020" ind1=" " ind2=" ">
    <subfield code="a">9682322251</subfield>
  </datafield>
  <datafield tag="050" ind1=" " ind2="4">
    <subfield code="a">Q180.A1</subfield>
    <subfield code="b"> B85 2000</subfield>
  </datafield>
  <datafield tag="100" ind1="1" ind2=" ">
    <subfield code="a">Bunge, Mario Augusto</subfield>
    <subfield code="e">, autor.</subfield>
    <subfield code="9">8146</subfield>
  </datafield>
  <datafield tag="245" ind1="1" ind2="3">
    <subfield code="a">La investigaci&#xF3;n cient&#xED;fica </subfield>
    <subfield code="b">: su estrategia y su filosof&#xED;a </subfield>
    <subfield code="c">/ por Mario Bunge ; traducci&#xF3;n de: Manuel Sacrist&#xE1;n.</subfield>
  </datafield>
  <datafield tag="260" ind1="3" ind2=" ">
    <subfield code="a">M&#xE9;xico</subfield>
    <subfield code="b">: Siglo XXI</subfield>
    <subfield code="c">, 2000.</subfield>
  </datafield>
  <datafield tag="300" ind1=" " ind2=" ">
    <subfield code="a">xvi, 805 p&#xE1;ginas.</subfield>
  </datafield>
  <datafield tag="337" ind1=" " ind2=" ">
    <subfield code="a">Texto</subfield>
  </datafield>
  <datafield tag="338" ind1=" " ind2=" ">
    <subfield code="a">Sin medio</subfield>
  </datafield>
  <datafield tag="339" ind1=" " ind2=" ">
    <subfield code="a">Volumen</subfield>
  </datafield>
  <datafield tag="500" ind1=" " ind2=" ">
    <subfield code="a">Incluye s&#xED;mbolos especiales (p. 782)
Incluye &#xED;ndice onom&#xE1;stico (pp.783-789)
Incluye &#xED;ndice anal&#xED;tico (pp.791-805)</subfield>
  </datafield>
  <datafield tag="504" ind1=" " ind2=" ">
    <subfield code="a">Incluye bibliograf&#xED;a al final de cada cap&#xED;tulo</subfield>
  </datafield>
  <datafield tag="505" ind1="1" ind2=" ">
    <subfield code="a">Pr&#xF3;logo
Un cuento para empezar
C&#xF3;mo usar este libro
Parte I: enfoque y herramientas
- EL enfoque cient&#xED;fico
- Concepto
- Dilucidaci&#xF3;n

Parte II: Las ideas cient&#xED;ficas
- Problema
- Hip&#xF3;tesis
- Ley 
- Teor&#xED;a est&#xE1;tica
- Teor&#xED;a din&#xE1;mica

Parte III: La aplicaci&#xF3;n de las ideas cient&#xED;ficas: de la explicaci&#xF3;n a la acci&#xF3;n
- Explicaci&#xF3;n
- Predicci&#xF3;n
- Acci&#xF3;n

Parte IV: La contrastaci&#xF3;n de las ideas cient&#xED;ficas: de la observaci&#xF3;n a la inferencia
- Observaci&#xF3;n
- Medici&#xF3;n
- Experimento
- La inferencia cient&#xED;fica
Ep&#xED;logo. Fines y medios de la filosof&#xED;a de la ciencia.</subfield>
  </datafield>
  <datafield tag="650" ind1="1" ind2="4">
    <subfield code="a">INVESTIGACI&#xD3;N</subfield>
    <subfield code="9">2096</subfield>
  </datafield>
  <datafield tag="700" ind1="1" ind2=" ">
    <subfield code="a">Sacristan, Manuel</subfield>
    <subfield code="e">, traductor</subfield>
    <subfield code="9">8147</subfield>
  </datafield>
  <datafield tag="942" ind1=" " ind2=" ">
    <subfield code="c">LB</subfield>
    <subfield code="2">lcc</subfield>
  </datafield>
  <datafield tag="952" ind1=" " ind2=" ">
    <subfield code="0">0</subfield>
    <subfield code="1">0</subfield>
    <subfield code="4">0</subfield>
    <subfield code="7">0</subfield>
    <subfield code="a">04</subfield>
    <subfield code="b">04</subfield>
    <subfield code="d">2007-02-20</subfield>
    <subfield code="l">1</subfield>
    <subfield code="o">Q180.A1 B85 2000</subfield>
    <subfield code="p">04 000050</subfield>
    <subfield code="r">2019-06-26</subfield>
    <subfield code="s">2019-06-26</subfield>
    <subfield code="t">1</subfield>
    <subfield code="w">2012-06-24</subfield>
    <subfield code="y">LB</subfield>
  </datafield>
  <datafield tag="952" ind1=" " ind2=" ">
    <subfield code="0">0</subfield>
    <subfield code="1">0</subfield>
    <subfield code="4">0</subfield>
    <subfield code="7">0</subfield>
    <subfield code="a">04</subfield>
    <subfield code="b">04</subfield>
    <subfield code="d">2007-02-20</subfield>
    <subfield code="l">0</subfield>
    <subfield code="o">Q180.A1 B85 2000</subfield>
    <subfield code="p">04 000051</subfield>
    <subfield code="r">2013-05-22</subfield>
    <subfield code="t">2</subfield>
    <subfield code="w">2012-06-24</subfield>
    <subfield code="y">LB</subfield>
  </datafield>
  <datafield tag="952" ind1=" " ind2=" ">
    <subfield code="0">0</subfield>
    <subfield code="1">0</subfield>
    <subfield code="4">0</subfield>
    <subfield code="7">0</subfield>
    <subfield code="a">04</subfield>
    <subfield code="b">04</subfield>
    <subfield code="d">2008-04-08</subfield>
    <subfield code="l">0</subfield>
    <subfield code="o">Q180.A1 B85 2000</subfield>
    <subfield code="p">04 000052</subfield>
    <subfield code="r">2024-02-16</subfield>
    <subfield code="t">3</subfield>
    <subfield code="w">2012-06-24</subfield>
    <subfield code="y">LB</subfield>
  </datafield>
  <datafield tag="952" ind1=" " ind2=" ">
    <subfield code="0">0</subfield>
    <subfield code="1">0</subfield>
    <subfield code="4">0</subfield>
    <subfield code="7">0</subfield>
    <subfield code="a">04</subfield>
    <subfield code="b">04</subfield>
    <subfield code="d">2010-11-24</subfield>
    <subfield code="l">8</subfield>
    <subfield code="m">1</subfield>
    <subfield code="o">Q180.A1 B85 2000</subfield>
    <subfield code="p">04 002840</subfield>
    <subfield code="q">2024-02-29</subfield>
    <subfield code="r">2024-01-05</subfield>
    <subfield code="s">2024-01-05</subfield>
    <subfield code="t">4</subfield>
    <subfield code="w">2012-06-24</subfield>
    <subfield code="y">LB</subfield>
  </datafield>
  <datafield tag="952" ind1=" " ind2=" ">
    <subfield code="0">0</subfield>
    <subfield code="1">0</subfield>
    <subfield code="2">lcc</subfield>
    <subfield code="4">0</subfield>
    <subfield code="7">0</subfield>
    <subfield code="a">04</subfield>
    <subfield code="b">04</subfield>
    <subfield code="d">2015-11-30</subfield>
    <subfield code="l">0</subfield>
    <subfield code="o">Q180.A1 B85 2007</subfield>
    <subfield code="p">05 000901</subfield>
    <subfield code="r">2023-02-21</subfield>
    <subfield code="t">1</subfield>
    <subfield code="w">2015-11-30</subfield>
    <subfield code="y">LB</subfield>
  </datafield>
  <datafield tag="952" ind1=" " ind2=" ">
    <subfield code="0">0</subfield>
    <subfield code="1">0</subfield>
    <subfield code="2">lcc</subfield>
    <subfield code="4">0</subfield>
    <subfield code="7">0</subfield>
    <subfield code="a">04</subfield>
    <subfield code="b">04</subfield>
    <subfield code="d">2015-11-30</subfield>
    <subfield code="l">0</subfield>
    <subfield code="o">Q180.A1 B85 200</subfield>
    <subfield code="p">05 000902</subfield>
    <subfield code="r">2023-02-21</subfield>
    <subfield code="t">2</subfield>
    <subfield code="w">2015-11-30</subfield>
    <subfield code="y">LB</subfield>
  </datafield>
  <datafield tag="952" ind1=" " ind2=" ">
    <subfield code="0">0</subfield>
    <subfield code="1">0</subfield>
    <subfield code="2">lcc</subfield>
    <subfield code="4">0</subfield>
    <subfield code="7">0</subfield>
    <subfield code="a">04</subfield>
    <subfield code="b">04</subfield>
    <subfield code="d">2015-11-30</subfield>
    <subfield code="l">0</subfield>
    <subfield code="o">Q180.A1 B85 200</subfield>
    <subfield code="p">05 000903</subfield>
    <subfield code="r">2023-02-21</subfield>
    <subfield code="t">3</subfield>
    <subfield code="w">2015-11-30</subfield>
    <subfield code="y">LB</subfield>
  </datafield>
  <datafield tag="952" ind1=" " ind2=" ">
    <subfield code="0">0</subfield>
    <subfield code="1">0</subfield>
    <subfield code="2">lcc</subfield>
    <subfield code="4">0</subfield>
    <subfield code="7">0</subfield>
    <subfield code="a">01</subfield>
    <subfield code="b">01</subfield>
    <subfield code="d">2023-02-13</subfield>
    <subfield code="l">0</subfield>
    <subfield code="o">QC21.2 B85 2000</subfield>
    <subfield code="p">16 003945</subfield>
    <subfield code="r">2023-07-13</subfield>
    <subfield code="t">1</subfield>
    <subfield code="w">2023-02-13</subfield>
    <subfield code="y">LB</subfield>
  </datafield>
  <datafield tag="999" ind1=" " ind2=" ">
    <subfield code="c">61518</subfield>
    <subfield code="d">61518</subfield>
  </datafield>
</record>
